| 000 | 00816 am a2200229 a 4500 | ||
|---|---|---|---|
| 005 | 20231221083506.0 | ||
| 008 | 101006s1999||||ag d f |||| 000 0 spa d | ||
| 020 | _a9879675258 | ||
| 041 | _aspa | ||
| 092 |
_c610.7 _l2 _sAFA |
||
| 110 | 1 |
_aAFACIMERA. _91378 |
|
| 245 |
_aEducación Médica. Desafíos y tendencias. _bT.5 Bases para el diseño curricular / _cAFACIMERA. |
||
| 250 | _a1a ed. | ||
| 260 |
_aBuenos Aires: _bAFACIMERA; _c1999. |
||
| 300 | _a107 p. | ||
| 500 | _aAFACIMERA. (1999) Educación médica. Desafíos y tendencias. T.5 Bases para el Diseño Curricular. (1a ed.). Buenos Aires : AFACIMERA. | ||
| 590 | _aAFACIMERA: Asociación de Facultades de Ciencias Medicas de la Republica Argentina. | ||
| 653 | _aCiencias Medicas | ||
| 653 | _aFormación docente | ||
| 930 | _a364 | ||
| 942 |
_2ddc _cBK |
||
| 999 |
_c912 _d912 |
||